[Event "C.to Italiano U10"]
[Site "San Nicola Arcella ITA"]
[Date "2004.07.05"]
[Round "2"]
[White "Bortolosso, Paolo"]
[Black "Paltrinieri, Nicholas"]
[Result "0-1"]
[WhiteElo "1434"]
[BlackElo "1580"]
[PlyCount "40"]
[EventDate "2004.07.04"]

1. d4 e6 2. Nc3 c5 3. Nf3 Qb6 4. Bf4 Qxb2 5. Na4 Qa3 6. c4 cxd4 7. Nxd4 Bb4+ 8.
Bd2 Bxd2+ 9. Kxd2 Nf6 10. Nb5 Qb4+ 11. Kd3 O-O 12. a3 Qe7 13. c5 a6 14. Nd6 b5
15. Nxc8 Rxc8 16. Nb6 Nc6 17. Nxa8 Ne5+ 18. Ke3 Qxc5+ 19. Kf4 Qc4+ 20. Kg3 Qg4#
0-1

[Event "C.to Italiano U10"]
[Site "San Nicola Arcella ITA"]
[Date "2004.07.05"]
[Round "2"]
[White "Brunello, Marco"]
[Black "Vezzelli, Francesco"]
[Result "0-1"]
[WhiteElo "1730"]
[BlackElo "1546"]
[PlyCount "48"]
[EventDate "2004.07.04"]

1. e4 e5 2. Nf3 Nc6 3. d4 exd4 4. Nxd4 Bc5 5. Be3 Qf6 6. c3 Nge7 7. Bd3 d5 8.
exd5 Nxd5 9. Bd2 Nxd4 10. cxd4 Bxd4 11. Qe2+ Be6 12. O-O Bxb2 13. Bb5+ c6 14.
Bc4 Bxa1 15. g3 O-O 16. h4 Rae8 17. Bg5 Nc3 18. Bxf6 Nxe2+ 19. Bxe2 Bxf6 20.
Na3 Bh3 21. Re1 Bg4 22. Kf1 Bc3 23. Rc1 Bxe2+ 24. Kg2 Bb2 0-1

[Event "C.to Italiano U10"]
[Site "San Nicola Arcella ITA"]
[Date "2004.07.05"]
[Round "2"]
[White "Carbone, Filippo"]
[Black "Lombardo, Michele"]
[Result "0-1"]
[WhiteElo "1697"]
[BlackElo "1491"]
[PlyCount "100"]
[EventDate "2004.07.04"]

1. e4 e5 2. Nc3 Nf6 3. Nf3 Nc6 4. Bc4 Bc5 5. Ng5 O-O 6. d3 d6 7. Be3 Bb4 8. Qd2
Ng4 9. a3 Bxc3 10. Qxc3 Nxe3 11. fxe3 Qxg5 12. O-O-O Qxe3+ 13. Kb1 Bg4 14. Rde1
Qd4 15. Qb3 Na5 16. Qb5 Nxc4 17. dxc4 a6 18. Qb3 Be6 19. c3 Qxc4 20. Qxc4 Bxc4
21. g4 Rae8 22. g5 f6 23. h4 fxg5 24. hxg5 Rf4 25. Rh2 Bd3+ 26. Ka2 Bxe4 27.
Rhe2 Bg6 28. b4 Ref8 29. a4 Rf2 30. Rb2 Rxb2+ 31. Kxb2 Rf2+ 32. Kb3 Bf7+ 33. c4
Rf3+ 34. Kc2 Bxc4 35. b5 axb5 36. axb5 Bxb5 37. Rb1 Bd3+ 38. Kb2 Bxb1 39. Kxb1
Rf2 40. Kc1 b5 41. Kd1 b4 42. Kc1 c5 43. Kb1 c4 44. Kc1 b3 45. Kb1 c3 46. Kc1
d5 47. Kb1 d4 48. Kc1 d3 49. Kd1 Rh2 50. Kc1 Rh1# 0-1

[Event "C.to Italiano U10"]
[Site "San Nicola Arcella ITA"]
[Date "2004.07.05"]
[Round "2"]
[White "Donati, Marco"]
[Black "Visentin, Lorenzo"]
[Result "0-1"]
[WhiteElo "1392"]
[BlackElo "1748"]
[PlyCount "66"]
[EventDate "2004.07.04"]

1. e4 c5 2. c4 d6 3. Nc3 Nf6 4. d3 Nc6 5. Nf3 Bg4 6. Bg5 Bxf3 7. gxf3 e6 8. Bg2
h6 9. Bh4 Be7 10. O-O g5 11. Bg3 h5 12. h4 gxh4 13. Bxh4 Rg8 14. Bg3 Nh7 15.
Re1 h4 16. Bh2 h3 17. Bg3 hxg2 18. Kxg2 Bh4 19. Ne2 Bxg3 20. Nxg3 Qf6 21. Kf1
Nd4 22. Re3 Ng5 23. Kg2 Qh6 24. f4 Qh3+ 25. Kg1 Nh7 26. Qa4+ Nc6 27. Qd1 O-O-O
28. e5 dxe5 29. fxe5 Nxe5 30. b3 Ng4 31. Rf3 Ng5 32. Rf4 f5 33. Qf1 Qh2# 0-1

[Event "C.to Italiano U10"]
[Site "San Nicola Arcella ITA"]
[Date "2004.07.05"]
[Round "3"]
[White "Paltrinieri, Nicholas"]
[Black "Corucci, Federico"]
[Result "1-0"]
[WhiteElo "1580"]
[BlackElo "1553"]
[PlyCount "61"]
[EventDate "2004.07.04"]

1. d4 d5 2. c4 e6 3. Nc3 Nf6 4. Bg5 dxc4 5. e4 Be7 6. Bxc4 O-O 7. Nf3 a6 8. O-O
b5 9. Bd3 b4 10. Ne2 Bb7 11. Qc2 g6 12. Rac1 c6 13. Rfd1 Nbd7 14. Ne5 Nxe5 15.
dxe5 Nd7 16. Bf6 Bxf6 17. exf6 Nxf6 18. Bxa6 Qb8 19. Bxb7 Qxb7 20. Nd4 Rxa2 21.
Nxc6 Ra6 22. Rd6 Rc8 23. Ne7+ Kg7 24. Nxc8 Rxd6 25. Nxd6 Qb6 26. Qc5 Qb8 27.
Qe5 Qa8 28. g4 Qd8 29. g5 Qe7 30. Qxf6+ Qxf6 31. gxf6+ 1-0

[Event "C.to Italiano U10"]
[Site "San Nicola Arcella ITA"]
[Date "2004.07.05"]
[Round "3"]
[White "Visentin, Lorenzo"]
[Black "Marguerettaz, Davy"]
[Result "1/2-1/2"]
[WhiteElo "1748"]
[BlackElo "1601"]
[PlyCount "86"]
[EventDate "2004.07.04"]

1. d4 d5 2. c4 e6 3. Nc3 Nf6 4. Nf3 Nbd7 5. e3 c6 6. Bd3 Be7 7. O-O O-O 8. Qc2
dxc4 9. Bxc4 Nb6 10. Bd3 Nbd5 11. a3 a5 12. e4 Nxc3 13. bxc3 h6 14. a4 b6 15.
Ne5 Qc7 16. Bf4 Bd6 17. Bg3 Nh5 18. Nc4 Nxg3 19. fxg3 c5 20. Nxd6 Qxd6 21. e5
Qd7 22. Rf4 Bb7 23. Raf1 Bc6 24. Ra1 Rae8 25. Qd1 f6 26. exf6 Rxf6 27. Rxf6
gxf6 28. Qg4+ Qg7 29. Qf4 cxd4 30. cxd4 e5 31. dxe5 Rxe5 32. Rb1 Qe7 33. Qg4+
Rg5 34. Qc8+ Be8 35. Bc4+ Kg7 36. Kh1 Re5 37. Qg4+ Bg6 38. Rg1 Re4 39. Qc8 Qe8
40. Qc7+ Qe7 41. Qc8 Qe8 42. Qc7+ Qe7 43. Qc8 Qe8 1/2-1/2

[Event "C.to Italiano U10"]
[Site "San Nicola Arcella ITA"]
[Date "2004.07.06"]
[Round "4"]
[White "Acciarini, Dario"]
[Black "Testa, Adriano"]
[Result "0-1"]
[WhiteElo "1534"]
[BlackElo "1512"]
[PlyCount "102"]
[EventDate "2004.07.04"]

1. e4 e5 2. Nf3 Nc6 3. Bc4 Bc5 4. Nc3 Nf6 5. d3 h6 6. O-O O-O 7. h3 d6 8. Qe2
Qe7 9. Be3 Bb6 10. Rfe1 Be6 11. Bxe6 fxe6 12. Nh4 Qf7 13. Qf3 Nd7 14. Qxf7+
Rxf7 15. Bxb6 Nxb6 16. Nf3 Re8 17. Nd2 Ref8 18. f3 Nd4 19. Rac1 Rf6 20. Ne2
Nxe2+ 21. Rxe2 Na4 22. b3 Nc3 23. Ree1 a6 24. a4 Kf7 25. Nb1 Nxb1 26. Rxb1 Re8
27. c4 Ke7 28. Rbc1 c5 29. Rb1 a5 30. Rf1 g5 31. g4 Ref8 32. Kg2 Ra8 33. Kg3
Kd7 34. Rh1 Rh8 35. h4 Rff8 36. h5 Ra8 37. Rh2 Ra6 38. Rhb2 Rb6 39. Kg2 Rb4 40.
Kf2 Ra8 41. Ke3 Ra6 42. Kd2 Rab6 43. Kc3 Kc6 44. Kd2 d5 45. Ke3 Kd6 46. Kd2 Rc6
47. Kc3 Rc8 48. Kd2 Rd8 49. Ke3 Kc6 50. Rd1 dxc4 51. Ke2 c3 0-1

[Event "C.to Italiano U10"]
[Site "San Nicola Arcella ITA"]
[Date "2004.07.06"]
[Round "4"]
[White "Corucci, Federico"]
[Black "Giausa, Pierantonio"]
[Result "0-1"]
[WhiteElo "1553"]
[BlackElo "1419"]
[PlyCount "94"]
[EventDate "2004.07.04"]

1. e4 e5 2. Nf3 Nc6 3. d4 exd4 4. Nxd4 Nxd4 5. Qxd4 d6 6. Bc4 Qf6 7. Qxf6 Nxf6
8. Nc3 Be7 9. O-O O-O 10. Re1 Bd7 11. Bg5 Rae8 12. h3 Bd8 13. Rad1 c6 14. f3 b5
15. Bd3 a6 16. a3 c5 17. b3 Bb6 18. Kh1 Ba5 19. b4 cxb4 20. Ne2 bxa3 21. Rf1 a2
22. Ra1 Be6 23. c3 Nd7 24. Bf4 Bc7 25. Nc1 Nc5 26. Bc2 Rd8 27. Nxa2 Bxa2 28.
Rxa2 Bb6 29. Rd1 Bc7 30. Kg1 Rd7 31. Kf1 Ra8 32. Rb1 Rdd8 33. Be3 h6 34. Ke2
Rdb8 35. g4 a5 36. Bxc5 dxc5 37. Ke3 g5 38. Ke2 Bf4 39. Kf2 b4 40. cxb4 cxb4
41. Ba4 Rd8 42. Ke2 Rac8 43. Kf2 Rc3 44. Kg2 Be5 45. Kf2 Bd4+ 46. Ke2 Re3+ 47.
Kf2 Ra3+ 0-1

[Event "C.to Italiano U10"]
[Site "San Nicola Arcella ITA"]
[Date "2004.07.06"]
[Round "4"]
[White "Paltrinieri, Nicholas"]
[Black "D'Apa, Massimo"]
[Result "1-0"]
[WhiteElo "1580"]
[BlackElo "1359"]
[PlyCount "74"]
[EventDate "2004.07.04"]

1. d4 Nf6 2. c4 e5 3. d5 c6 4. Nc3 Bb4 5. Bg5 h6 6. Bh4 Qa5 7. Qb3 Ne4 8. Rc1
Na6 9. a3 Bxc3+ 10. bxc3 Nac5 11. Qb4 Qc7 12. f3 a5 13. Qb2 Nd6 14. e4 Na4 15.
Qc2 Nc5 16. Bf2 b6 17. Rb1 O-O 18. Qb2 Ra6 19. Qa2 Ndb7 20. Be3 d6 21. Nh3 Na4
22. Qc2 Nac5 23. Nf2 Bd7 24. Nd3 Nxd3+ 25. Bxd3 c5 26. O-O a4 27. f4 f6 28.
fxe5 fxe5 29. Rxf8+ Kxf8 30. Qf2+ Kg8 31. Rf1 Ra8 32. Qf7+ Kh8 33. Bxh6 gxh6
34. Qf6+ Kh7 35. Qe7+ Kh8 36. Rf7 Kg8 37. Rg7+ Kh8 1-0

[Event "C.to Italiano U10"]
[Site "San Nicola Arcella ITA"]
[Date "2004.07.06"]
[Round "4"]
[White "Vezzelli, Francesco"]
[Black "Muccini, Andrea"]
[Result "1-0"]
[WhiteElo "1546"]
[BlackElo "1431"]
[PlyCount "122"]
[EventDate "2004.07.04"]

1. e4 e5 2. Bc4 g6 3. Nf3 Bg7 4. d3 Bf6 5. Nc3 d6 6. Be3 Bg4 7. h3 Bxf3 8. Qxf3
Nd7 9. Nd5 Nb6 10. Nxf6+ Nxf6 11. Bb3 O-O 12. Bg5 Nbd7 13. Ba4 Kg7 14. Bxd7 h6
15. Bxf6+ Qxf6 16. Qxf6+ Kxf6 17. Ba4 h5 18. O-O-O a6 19. a3 b5 20. Bb3 a5 21.
Rdf1 b4 22. axb4 axb4 23. f4 Kg7 24. fxe5 dxe5 25. c3 bxc3 26. bxc3 Ra3 27. Kc2
g5 28. Rf5 f6 29. h4 Rh8 30. hxg5 fxg5 31. Rxg5+ Kf6 32. Rf5+ Kg6 33. Rxe5 h4
34. Kb2 Raa8 35. Rc5 Raf8 36. Rh2 Rf2+ 37. Kc1 Rf1+ 38. Bd1 Rf2 39. Rxc7 Ra8
40. Kb1 Rb8+ 41. Kc1 Ra8 42. Bc2 Rf1+ 43. Kb2 Rb8+ 44. Ka2 Rf6 45. Ra7 Rf2 46.
Rxh4 Rxc2+ 47. Ka1 Rc1+ 48. Ka2 Rxc3 49. Ra6+ Kg5 50. Rh1 Rxd3 51. Rb1 Rd2+ 52.
Ka1 Rxb1+ 53. Kxb1 Rxg2 54. Ra8 Re2 55. Re8 Kf4 56. e5 Rxe5 57. Rf8+ Rf5 58.
Rb8 Re5 59. Kc2 Rc5+ 60. Kd3 Rd5+ 61. Kc4 Re5 1-0

[Event "C.to Italiano U10"]
[Site "San Nicola Arcella ITA"]
[Date "2004.07.07"]
[Round "5"]
[White "De Filomeno, Simone"]
[Black "Visentin, Lorenzo"]
[Result "0-1"]
[WhiteElo "1488"]
[BlackElo "1748"]
[PlyCount "50"]
[EventDate "2004.07.04"]

1. e4 c5 2. Nf3 d6 3. Bc4 Nf6 4. Nc3 e6 5. O-O a6 6. a4 Nbd7 7. d4 cxd4 8. Nxd4
Nc5 9. Bg5 Be7 10. Re1 h6 11. Bh4 Qc7 12. Bf1 Nfxe4 13. Bxe7 Nxc3 14. Bxd6 Nxd1
15. Bxc7 Nxb2 16. Be5 O-O 17. Nxe6 Bxe6 18. Bxb2 Rfd8 19. Bc3 Rac8 20. Bb4 Nd7
21. Bd3 Nc5 22. Bxc5 Rxc5 23. Rab1 Rg5 24. g3 Rd7 25. Bxa6 bxa6 0-1

[Event "C.to Italiano U10"]
[Site "San Nicola Arcella ITA"]
[Date "2004.07.07"]
[Round "5"]
[White "Lombardo, Michele"]
[Black "Vezzelli, Francesco"]
[Result "0-1"]
[WhiteElo "1491"]
[BlackElo "1546"]
[PlyCount "98"]
[EventDate "2004.07.04"]

1. g3 e5 2. Bg2 Nf6 3. Nc3 Bb4 4. Nf3 Nc6 5. O-O d6 6. d3 Bg4 7. Bg5 h6 8. Bxf6
Qxf6 9. Nd5 Qd8 10. Nxb4 Nxb4 11. Nd2 c6 12. Nf3 Nd5 13. Re1 O-O 14. Qd2 Qc7
15. Rac1 Rfe8 16. e4 Nb6 17. Nh4 Qe7 18. Qe3 Qf6 19. Nf3 Re7 20. h3 Bh5 21. g4
Bg6 22. h4 Rae8 23. g5 hxg5 24. hxg5 Qe6 25. b3 d5 26. exd5 cxd5 27. Nh4 Bh7
28. Bh3 Qd6 29. Qg3 Nc8 30. Bxc8 Rxc8 31. d4 Re6 32. dxe5 Qe7 33. Nf3 Be4 34.
Kf1 Bxf3 35. Qxf3 Rxe5 36. Rxe5 Qxe5 37. Qe3 Qxe3 38. fxe3 Kh7 39. Ke2 Kg6 40.
Kd3 Kxg5 41. Kd4 Rd8 42. Rg1+ Kf6 43. Rf1+ Ke7 44. a4 Ke6 45. b4 Rc8 46. c3 f6
47. Rg1 g5 48. Rg4 Rc4+ 49. Kd3 Rxg4 0-1

[Event "C.to Italiano U10"]
[Site "San Nicola Arcella ITA"]
[Date "2004.07.07"]
[Round "5"]
[White "Testa, Adriano"]
[Black "Marguerettaz, Davy"]
[Result "1-0"]
[WhiteElo "1512"]
[BlackElo "1601"]
[PlyCount "31"]
[EventDate "2004.07.04"]

1. Nf3 c5 2. g3 d5 3. Bg2 Nc6 4. O-O e5 5. d3 f5 6. c4 d4 7. a3 Nf6 8. Nbd2 g6
9. Rb1 e4 10. dxe4 fxe4 11. Ng5 e3 12. fxe3 dxe3 13. Nde4 Nxe4 14. Qxd8+ Nxd8
15. Nxe4 Bg4 16. Nf6+ 1-0

[Event "C.to Italiano U10"]
[Site "San Nicola Arcella ITA"]
[Date "2004.07.07"]
[Round "6"]
[White "Visentin, Lorenzo"]
[Black "Testa, Adriano"]
[Result "1-0"]
[WhiteElo "1748"]
[BlackElo "1512"]
[PlyCount "69"]
[EventDate "2004.07.04"]

1. d4 d5 2. c4 e6 3. Nc3 Nf6 4. Nf3 Nbd7 5. Bg5 Be7 6. e3 O-O 7. Bd3 dxc4 8.
Bxc4 Nb6 9. Bd3 Bd7 10. e4 Bc6 11. e5 Nfd5 12. Bxe7 Qxe7 13. O-O Rad8 14. Nxd5
Nxd5 15. Be4 Rd7 16. a3 Rfd8 17. Qc2 h6 18. b4 Ra8 19. Rab1 a6 20. Nd2 Rad8 21.
Nb3 Ba4 22. Qd2 Bxb3 23. Rxb3 c6 24. Rg3 Kf8 25. Bh7 Qh4 26. f4 Nc7 27. Rh3 Qe7
28. Rd3 Nb5 29. f5 Nxd4 30. f6 gxf6 31. exf6 Qd6 32. Qxh6+ Ke8 33. Kh1 Qf8 34.
Qxf8+ Kxf8 35. Rg3 1-0

[Event "C.to Italiano U10"]
[Site "San Nicola Arcella ITA"]
[Date "2004.07.08"]
[Round "7"]
[White "Lombardo, Michele"]
[Black "Marguerettaz, Davy"]
[Result "1/2-1/2"]
[WhiteElo "1491"]
[BlackElo "1601"]
[PlyCount "38"]
[EventDate "2004.07.04"]

1. e4 e5 2. Nf3 Nc6 3. Bc4 Bc5 4. Nc3 Nf6 5. d3 O-O 6. Bg5 Be7 7. O-O d6 8. h3
Be6 9. Bb3 Bxb3 10. axb3 h6 11. Bxf6 Bxf6 12. Nd5 a6 13. Qd2 Nd4 14. Nxf6+ Qxf6
15. Nxd4 exd4 16. f4 Qe7 17. Rae1 Qd7 18. Qb4 c5 19. Qd2 Rfe8 1/2-1/2

[Event "C.to Italiano U10"]
[Site "San Nicola Arcella ITA"]
[Date "2004.07.08"]
[Round "7"]
[White "Visentin, Lorenzo"]
[Black "Paltrinieri, Nicholas"]
[Result "0-1"]
[WhiteElo "1748"]
[BlackElo "1580"]
[PlyCount "62"]
[EventDate "2004.07.04"]

1. d4 e6 2. c4 c5 3. d5 exd5 4. cxd5 d6 5. Nc3 Nf6 6. e4 Be7 7. Bb5+ Bd7 8.
Bxd7+ Nbxd7 9. f4 Qb6 10. Nf3 O-O 11. O-O c4+ 12. Kh1 Ng4 13. Qe2 Rfe8 14. h3
Ngf6 15. Be3 Qc7 16. Rac1 Rac8 17. Bd4 Bf8 18. Qc2 Nh5 19. Kg1 Nxf4 20. Ng5 Nd3
21. Rxf7 Nxc1 22. Ne6 Qa5 23. Nxf8 Kxf7 24. Nxd7 Nxa2 25. e5 Nxc3 26. e6+ Kg8
27. Bxc3 Qxd5 28. Bxg7 Qxe6 29. Nf6+ Kxg7 30. Nh5+ Kh8 31. Qc3+ Qe5 0-1

[Event "C.to Italiano U10"]
[Site "San Nicola Arcella ITA"]
[Date "2004.07.09"]
[Round "8"]
[White "Fagnani, Alessandro"]
[Black "Visentin, Lorenzo"]
[Result "0-1"]
[WhiteElo "1470"]
[BlackElo "1748"]
[PlyCount "58"]
[EventDate "2004.07.04"]

1. e4 c5 2. Nf3 d6 3. d4 cxd4 4. Nxd4 Nf6 5. Nc3 a6 6. Bc4 e6 7. Bg5 Be7 8. Qe2
b5 9. Bb3 h6 10. Bh4 Nbd7 11. Nc6 Qc7 12. Nxe7 Kxe7 13. O-O Re8 14. f4 Kf8 15.
f5 Kg8 16. fxe6 fxe6 17. Qf3 b4 18. Nb1 Ne5 19. Qg3 Nxe4 20. Qf4 Nc5 21. Nd2
Nxb3 22. cxb3 Bb7 23. Nc4 Nxc4 24. bxc4 g5 25. Qg4 Qg7 26. Bg3 Qxb2 27. Bxd6
Rad8 28. Rf2 Qxa1+ 29. Rf1 Qb2 0-1

[Event "C.to Italiano U10"]
[Site "San Nicola Arcella ITA"]
[Date "2004.07.09"]
[Round "8"]
[White "Marguerettaz, Davy"]
[Black "D'Apa, Massimo"]
[Result "1-0"]
[WhiteElo "1601"]
[BlackElo "1359"]
[PlyCount "41"]
[EventDate "2004.07.04"]

1. e4 c5 2. Nf3 Nc6 3. d4 cxd4 4. Nxd4 e6 5. c4 d6 6. Nc3 Nf6 7. Be2 Be7 8. O-O
O-O 9. f4 Bd7 10. Kh1 e5 11. fxe5 dxe5 12. Nc2 Qc7 13. Bg5 Qd8 14. Qe1 h6 15.
Bh4 Ng4 16. Bxe7 Qxe7 17. Bxg4 Bxg4 18. Qg3 Qe6 19. Nd5 Qd7 20. h3 Be2 21. Nf6+
1-0

[Event "C.to Italiano U10"]
[Site "San Nicola Arcella ITA"]
[Date "2004.07.09"]
[Round "8"]
[White "Testa, Adriano"]
[Black "Lombardo, Michele"]
[Result "1-0"]
[WhiteElo "1512"]
[BlackElo "1491"]
[PlyCount "54"]
[EventDate "2004.07.04"]

1. Nf3 Nf6 2. g3 g6 3. Bg2 Bg7 4. O-O O-O 5. d3 d5 6. Nbd2 Nc6 7. e4 dxe4 8.
Nxe4 Nxe4 9. dxe4 Qxd1 10. Rxd1 Bg4 11. h3 Bxf3 12. Bxf3 Rad8 13. Bf4 Be5 14.
Be3 a6 15. g4 Nb4 16. Rxd8 Rxd8 17. Bd1 Nc6 18. c3 Na5 19. b3 Nc6 20. Be2 Re8
21. Rd1 Rd8 22. Kf1 Kf8 23. Ke1 Ke8 24. Rxd8+ Kxd8 25. Kd2 Kd7 26. Kd3 Kd6 27.
h4 Na7 1-0

[Event "C.to Italiano U10 femminile"]
[Site "San Nicola Arcella ITA"]
[Date "2004.07.05"]
[Round "2"]
[White "Rombaldoni, Sharon"]
[Black "Tittarelli, Edith"]
[Result "1/2-1/2"]
[WhiteElo "1440"]
[BlackElo "1407"]
[PlyCount "34"]
[EventDate "2004.07.04"]

1. e4 e5 2. Nf3 Nc6 3. Nc3 Nf6 4. Bb5 Bb4 5. Bxc6 Bxc3 6. dxc3 bxc6 7. O-O O-O
8. Bg5 d6 9. Bxf6 Qxf6 10. h3 Ba6 11. Re1 c5 12. Qd5 Rae8 13. Qc6 Bc8 14. Qxc7
a6 15. Re2 Qe7 16. Qxe7 Rxe7 17. Rd1 Rd7 1/2-1/2

[Event "C.to Italiano U10 femminile"]
[Site "San Nicola Arcella ITA"]
[Date "2004.07.08"]
[Round "7"]
[White "Brunello, Marina"]
[Black "Rombaldoni, Sharon"]
[Result "1-0"]
[WhiteElo "1571"]
[BlackElo "1440"]
[PlyCount "53"]
[EventDate "2004.07.04"]

1. e4 c6 2. d4 d5 3. e5 Bf5 4. Bd3 Nh6 5. Bxh6 Bxd3 6. Qxd3 gxh6 7. Nf3 Bg7 8.
Nbd2 O-O 9. Nh4 e6 10. Ndf3 Nd7 11. O-O f6 12. exf6 Nxf6 13. Rfe1 Re8 14. Ne5
Nd7 15. Nhf3 Qc7 16. Nxd7 Qxd7 17. Ne5 Qd6 18. Qg3 c5 19. c3 cxd4 20. cxd4 Qb4
21. Red1 Qxb2 22. Rab1 Qxa2 23. Rxb7 Qxf2+ 24. Kxf2 Rf8+ 25. Kg1 Rf7 26. Rxf7
Kh8 27. Qxg7# 1-0

[Event "C.to Italiano U12"]
[Site "San Nicola Arcella ITA"]
[Date "2004.07.05"]
[Round "2"]
[White "Cervero, Gianluca"]
[Black "Rombaldoni, Axel"]
[Result "0-1"]
[WhiteElo "1425"]
[BlackElo "2063"]
[PlyCount "88"]
[EventDate "2004.07.04"]

1. e4 c5 2. d4 cxd4 3. Qxd4 Nc6 4. Qd1 g6 5. Nc3 Bg7 6. Bd2 d6 7. Nf3 Bd7 8.
Bd3 Rc8 9. O-O Na5 10. Qe1 Nc4 11. b3 Nxd2 12. Nxd2 Bxc3 13. Rb1 Qa5 14. Rd1
Bb5 15. Bxb5+ Qxb5 16. a4 Qh5 17. Qe3 Qh6 18. Rfe1 Be5 19. Qxh6 Nxh6 20. c4 Ng4
21. h3 Nf6 22. f3 Rc6 23. Re2 Nh5 24. Nf1 Rb6 25. Rb1 O-O 26. Kf2 Bd4+ 27. Ne3
Nf4 28. Ree1 Nd3+ 29. Ke2 Nxe1 30. Rxe1 Rxb3 31. Nc2 Bc5 32. Na1 Rb2+ 33. Kf1
Rf2+ 34. Kg1 Rxf3+ 35. Kh1 Ra3 36. Rc1 Rxa4 37. Nb3 Rc8 38. Nd2 Be3 39. Rd1
Bxd2 40. Rxd2 Rcxc4 41. Rb2 Rcb4 42. Rc2 Ra1+ 43. Kh2 Rxe4 44. Rc8+ Kg7 0-1

[Event "C.to Italiano U12"]
[Site "San Nicola Arcella ITA"]
[Date "2004.07.05"]
[Round "2"]
[White "Manconi, Alberto"]
[Black "Puleio, Alessandro"]
[Result "0-1"]
[WhiteElo "1679"]
[BlackElo "1440"]
[PlyCount "42"]
[EventDate "2004.07.04"]

1. e4 e5 2. d4 exd4 3. Qxd4 Nc6 4. Qe3 Be7 5. Bd2 d6 6. Nc3 Nf6 7. O-O-O O-O 8.
Qg3 Nh5 9. Qf3 Nf6 10. h4 Ne5 11. Qg3 Nh5 12. Qe3 f5 13. f3 fxe4 14. g4 Ng3 15.
Rh3 Nxf1 16. Rxf1 Bxh4 17. Qxe4 c6 18. Bf4 Rxf4 19. Qe3 Bg5 20. Kb1 Rxf3 21.
Qxg5 Qxg5 0-1

[Event "C.to Italiano U12"]
[Site "San Nicola Arcella ITA"]
[Date "2004.07.05"]
[Round "3"]
[White "Bisceglia, Luca"]
[Black "Caverzan, Leonardo"]
[Result "1/2-1/2"]
[WhiteElo "1721"]
[BlackElo "1440"]
[PlyCount "51"]
[EventDate "2004.07.04"]

1. d4 Nf6 2. c4 g6 3. Nc3 Bg7 4. e3 d6 5. Bd2 Nbd7 6. Bd3 c5 7. d5 Ne5 8. Be2
Bf5 9. Nf3 Nd3+ 10. Bxd3 Bxd3 11. b3 O-O 12. Bc1 Bf5 13. O-O Ne4 14. Nxe4 Bxe4
15. Ng5 Bxg2 16. Kxg2 Bxa1 17. Qf3 e6 18. e4 Bf6 19. Nh3 exd5 20. exd5 b6 21.
Re1 Bg7 22. Bg5 f6 23. Bf4 Qc7 24. Qg3 Rad8 25. Re6 Rf7 26. Bxd6 1/2-1/2

[Event "C.to Italiano U12"]
[Site "San Nicola Arcella ITA"]
[Date "2004.07.05"]
[Round "3"]
[White "Cirelli, Ivan"]
[Black "Lisi, Davide"]
[Result "1/2-1/2"]
[WhiteElo "1679"]
[BlackElo "1577"]
[PlyCount "42"]
[EventDate "2004.07.04"]

1. e4 d5 2. exd5 Qxd5 3. Nc3 Qa5 4. d4 e6 5. Nf3 Bb4 6. Bd2 Nf6 7. a3 Bxc3 8.
Bxc3 Qb6 9. Bd3 Nbd7 10. O-O c6 11. Qd2 Qd8 12. Rfe1 Nd5 13. Bc4 O-O 14. Bxd5
cxd5 15. Ne5 Nf6 16. f3 Bd7 17. Nxd7 Nxd7 18. Bb4 Re8 19. Bc3 Qf6 20. Qe3 Rac8
21. Rac1 a6 1/2-1/2

[Event "C.to Italiano U12"]
[Site "San Nicola Arcella ITA"]
[Date "2004.07.05"]
[Round "3"]
[White "Devetak, Robert"]
[Black "Pomaro, Alberto"]
[Result "0-1"]
[WhiteElo "1488"]
[BlackElo "1727"]
[PlyCount "158"]
[EventDate "2004.07.04"]

1. e4 c5 2. Nf3 d6 3. d4 cxd4 4. Nxd4 Nf6 5. Nc3 Nc6 6. Be3 g6 7. Nxc6 bxc6 8.
Be2 Bg7 9. Qd2 O-O 10. Bh6 Bd7 11. Bxg7 Kxg7 12. O-O Bg4 13. Bxg4 Nxg4 14. h3
Nf6 15. Kh1 Nh5 16. Rfe1 Kg8 17. Na4 Qc7 18. Re3 Rad8 19. Rd3 Nf6 20. Qf4 Nd7
21. b3 Ne5 22. Rg3 f5 23. exf5 Kh8 24. Rg5 Rf6 25. Qh2 Rxf5 26. Rxf5 gxf5 27.
Qf4 Qd7 28. Nc5 Qc8 29. Qd4 Kg8 30. Nd3 c5 31. Qe3 Nxd3 32. Qxd3 Qe6 33. c4 Rf8
34. f4 Qf6 35. Re1 Kh8 36. Qe3 Re8 37. Qe6 Qxe6 38. Rxe6 Kg7 39. g4 Kf7 40.
gxf5 Rb8 41. Kg1 a5 42. Kf2 a4 43. Re3 axb3 44. axb3 Re8 45. h4 h5 46. Re6 Rb8
47. Re3 Ra8 48. Ke2 Kf6 49. Rg3 Kf7 50. Rd3 Ra7 51. Rd2 Ra3 52. Rb2 Ra1 53. Kf3
Kf6 54. b4 cxb4 55. Rxb4 Kxf5 56. Rb5+ Kf6 57. Rxh5 Ra4 58. Kg4 Rxc4 59. Rf5+
Kg6 60. Rg5+ Kh7 61. h5 Rc5 62. Kf3 Kh6 63. Rg1 Kxh5 64. Rh1+ Kg6 65. Re1 Kf7
66. Rg1 e6 67. Re1 Rc3+ 68. Re3 Rxe3+ 69. Kxe3 Kf6 70. Kf3 Kf5 71. Ke3 d5 72.
Kf3 d4 73. Kg3 Ke4 74. Kf2 Kxf4 75. Ke2 e5 76. Ke1 e4 77. Ke2 d3+ 78. Kd1 e3
79. Ke1 Kf3 0-1

[Event "C.to Italiano U12"]
[Site "San Nicola Arcella ITA"]
[Date "2004.07.05"]
[Round "3"]
[White "Hellweger, Hannes"]
[Black "Miglietta, Manuel"]
[Result "0-1"]
[WhiteElo "1563"]
[BlackElo "1580"]
[PlyCount "98"]
[EventDate "2004.07.04"]

1. e4 d6 2. d4 g6 3. Nf3 Bg7 4. Be3 a6 5. Be2 b5 6. c4 c6 7. O-O Bb7 8. Qb3 Qc7
9. Ng5 h6 10. Nf3 Nd7 11. Nc3 Ngf6 12. Rac1 bxc4 13. Bxc4 e6 14. d5 exd5 15.
exd5 c5 16. Qc2 O-O 17. Bd3 Nxd5 18. Nxd5 Bxd5 19. Rfe1 Bxf3 20. gxf3 Rab8 21.
b3 Ne5 22. Be2 Qc6 23. Qe4 Rb6 24. Qxc6 Nxc6 25. Red1 Nd4 26. Kf1 Re8 27. Bxd4
Bxd4 28. Rc4 a5 29. Ra4 Ra8 30. f4 Rb4 31. Rxb4 axb4 32. Rd2 Re8 33. Bf3 Re6
34. Kg2 Kg7 35. Bd5 Re7 36. h4 h5 37. Kf3 Re1 38. Kg3 Kf8 39. Kf3 Rb1 40. Re2
Rb2 41. Rxb2 Bxb2 42. f5 Kg7 43. Kf4 Kf6 44. f3 gxf5 45. Bc4 Be5+ 46. Ke3 Bg3
47. f4 Bxh4 48. Kf3 Be1 49. Kg2 49... h4 {...} 0-1

[Event "C.to Italiano U12"]
[Site "San Nicola Arcella ITA"]
[Date "2004.07.05"]
[Round "3"]
[White "Martinazzo, Luigi"]
[Black "Mei, Nicola"]
[Result "1/2-1/2"]
[WhiteElo "1600"]
[BlackElo "1580"]
[PlyCount "30"]
[EventDate "2004.07.04"]

1. e4 e5 2. Nf3 Nf6 3. Bc4 Nxe4 4. Qe2 d5 5. Bb3 Nc6 6. d3 Nf6 7. Bg5 Be7 8. h3
O-O 9. O-O Re8 10. Nc3 d4 11. Nb1 h6 12. Bh4 Bf5 13. Nbd2 Bb4 14. Nc4 e4 15.
dxe4 Bxe4 1/2-1/2

[Event "C.to Italiano U12"]
[Site "San Nicola Arcella ITA"]
[Date "2004.07.05"]
[Round "3"]
[White "Olivari, Giulio"]
[Black "Forato, Enrico"]
[Result "0-1"]
[WhiteElo "1409"]
[BlackElo "1739"]
[PlyCount "34"]
[EventDate "2004.07.04"]

1. e4 c5 2. Nf3 e6 3. d4 cxd4 4. Nxd4 Nf6 5. Nc3 d6 6. Be3 a6 7. Bc4 Be7 8. Qe2
Qc7 9. O-O-O Nc6 10. f3 Na5 11. Bd3 b5 12. b3 Qxc3 13. Kb1 d5 14. exd5 Nxd5 15.
Bf2 Ba3 16. Bxb5+ axb5 17. Qxb5+ Bd7 0-1

[Event "C.to Italiano U12"]
[Site "San Nicola Arcella ITA"]
[Date "2004.07.05"]
[Round "3"]
[White "Rombaldoni, Axel"]
[Black "Fiducioso, Marco"]
[Result "1-0"]
[WhiteElo "2063"]
[BlackElo "1760"]
[PlyCount "85"]
[EventDate "2004.07.04"]

1. e4 Nf6 2. e5 Nd5 3. d4 d6 4. f4 Bf5 5. c4 Nb4 6. Na3 Qd7 7. Bd2 N8a6 8. Qb3
c5 9. d5 e6 10. Qf3 dxe5 11. fxe5 exd5 12. cxd5 O-O-O 13. Bb5 Nc6 14. Bg5 f6
15. dxc6 Qe6 16. cxb7+ Kb8 17. Bf4 Nb4 18. Qe2 Kxb7 19. exf6 Qxf6 20. Qf3+ Kb6
21. Ne2 Nd3+ 22. Bxd3 Rxd3 23. Qa8 Rxa3 24. Qb8+ Ka6 25. Be5 Qh4+ 26. Bg3 Qf6
27. O-O Re3 28. a4 Qb6 29. Qf4 Qe6 30. b4 Rxe2 31. b5+ Ka5 32. Be1+ Rxe1 33.
Raxe1 Bd6 34. Rxe6 Bxf4 35. Ra6+ Kb4 36. Rxf4+ c4 37. Rxf5 Rc8 38. Rc6 Rd8 39.
Rf1 Kxa4 40. Rb1 a5 41. Rxc4+ Ka3 42. b6 Ka2 43. Rcc1 1-0